Songs by Letter - H - Statistics

General Stats
  • This quiz has been taken 116 times
  • The average score is 12 of 18
Answer Stats
Song Artist % Correct
Hey Jude The Beatles
95%
Highway To Hell AC/DC
91%
Hotel California Eagles
89%
Hips Don't Lie Shakira feat. Wyclef Jean
89%
Happy Pharrell Williams
86%
How Deep Is Your Love Bee Gees
75%
Hollaback Girl Gwen Stefani
75%
Hey Ya! Outkast
74%
Heart Of Glass Blondie
73%
Hallelujah Leonard Cohen
67%
Heartbreak Hotel Elvis Presley
66%
Heaven Is A Place On Earth Belinda Carlisle
57%
Hot Stuff Donna Summer
57%
Here I Go Again Whitesnake
52%
Heart Of Gold Neil Young
42%
Hello, I Love You The Doors
32%
Hallowed Be Thy Name Iron Maiden
25%
Here Comes The Hotstepper Ini Kamoze
16%
No matching quizzes found
Score Distribution
Percent of People with Each Score
Percentile by Number Answered
Your Score History
You have not taken this quiz